Air conditioning and refrigeration (Record no. 546235)
[ view plain ]
| 000 -LEADER | |
|---|---|
| fixed length control field | 00603cam a22001811 4500 |
| 082 ## - DEWEY DECIMAL CLASSIFICATION NUMBER | |
| Classification number | 621.56 |
| Author Mark | SEV |
| -- | L-8, P-19 |
| 100 1# - MAIN ENTRY--PERSONAL NAME | |
| Personal name | Severns, William H. |
| 9 (RLIN) | 41962 |
| 245 10 - TITLE STATEMENT | |
| Title | Air conditioning and refrigeration |
| Statement of responsibility, etc. | [by] William H. Severns and Julian R. Fellows. |
| 260 ## - PUBLICATION, DISTRIBUTION, ETC. | |
| Place of publication, distribution, etc. | New York, |
| Name of publisher, distributor, etc. | Wiley |
| Date of publication, distribution, etc. | [1958] |
| 300 ## - PHYSICAL DESCRIPTION | |
| Extent | 563 p. |
| Other physical details | illus, |
| Dimensions | 24 cm. |
| 526 ## - STUDY PROGRAM INFORMATION NOTE | |
| Program name | 0 |
| Interest level | 0 |
| Reading level | 0 |
| Title point value | 621_560000000000000_SEV |
| 650 #0 - SUBJECT ADDED ENTRY--TOPICAL TERM | |
| Topical term or geographic name entry element | Air conditioning. |
| 9 (RLIN) | 19032 |
| 650 #0 - SUBJECT ADDED ENTRY--TOPICAL TERM | |
| Topical term or geographic name entry element | Heating. |
| 9 (RLIN) | 32526 |
| 650 #0 - SUBJECT ADDED ENTRY--TOPICAL TERM | |
| Topical term or geographic name entry element | MCE |
| 9 (RLIN) | 379 |
| 650 #0 - SUBJECT ADDED ENTRY--TOPICAL TERM | |
| Topical term or geographic name entry element | Refrigeration and refrigerating machinery. |
| 9 (RLIN) | 19031 |
| 700 1# - ADDED ENTRY--PERSONAL NAME | |
| Personal name | Fellows, Julian Robert, |
| 9 (RLIN) | 42324 |
| 942 ## - ADDED ENTRY ELEMENTS (KOHA) | |
| Source of classification or shelving scheme | |
| Koha item type | Book |
| Withdrawn status | Lost status | Source of classification or shelving scheme | Damaged status | Not for loan | Permanent Location | Current Location | Date acquired | Total Checkouts | Full call number | Barcode | Date last seen | Price effective from | Koha item type |
|---|---|---|---|---|---|---|---|---|---|---|---|---|---|
| Military College of Engineering (MCE) | Military College of Engineering (MCE) | 06/05/2014 | 621.56 SEV | MCE-33317 | 06/05/2014 | 06/05/2014 | Book |
